[Event "Blitz 2018"]
[Site "Saint-Petersburg"]
[Date "2018.12.30"]
[Round "19"]
[Board "28"]
[White "Gordievsky Dmitry (RUS)"]
[Black "Petrosian Tigran L. (ARM)"]
[Result "1-0"]
[LiveChessVersion "1.4.8"]
[BlackElo "2700"]
[WhiteElo "2591"]

1. Nf3 {[%clk 0:03:02]} g6 {[%clk 0:03:04]} 2. e4 {[%clk 0:02:58]} Bg7
{[%clk 0:03:05]} 3. d4 {[%clk 0:02:58]} d6 {[%clk 0:03:06]} 4. Nc3
{[%clk 0:02:57]} a6 {[%clk 0:03:08]} 5. Bd3 {[%clk 0:02:51]} Nf6 {[%clk 0:03:04]}
6. Ne2 {[%clk 0:02:44]} O-O {[%clk 0:03:02]} 7. Ng3 {[%clk 0:02:43]} Nc6
{[%clk 0:02:53]} 8. c3 {[%clk 0:02:42]} e5 {[%clk 0:02:54]} 9. h3
{[%clk 0:02:41]} Re8 {[%clk 0:02:42]} 10. O-O {[%clk 0:02:39]} h6
{[%clk 0:02:36]} 11. Be3 {[%clk 0:02:37]} Kh7 {[%clk 0:02:32]} 12. Qd2
{[%clk 0:02:34]} Qe7 {[%clk 0:02:29]} 13. d5 {[%clk 0:02:30]} Nb8
{[%clk 0:02:19]} 14. c4 {[%clk 0:02:31]} a5 {[%clk 0:02:19]} 15. b3
{[%clk 0:02:28]} c6 {[%clk 0:01:42]} 16. a3 {[%clk 0:02:23]} Nbd7
{[%clk 0:01:31]} 17. Rab1 {[%clk 0:02:18]} Nc5 {[%clk 0:01:25]} 18. Bc2
{[%clk 0:02:19]} cxd5 {[%clk 0:01:25]} 19. cxd5 {[%clk 0:02:17]} Bd7
{[%clk 0:01:24]} 20. b4 {[%clk 0:01:54]} axb4 {[%clk 0:01:25]} 21. axb4
{[%clk 0:01:55]} Na4 {[%clk 0:01:26]} 22. Rfc1 {[%clk 0:01:56]} Rec8
{[%clk 0:01:27]} 23. Bd3 {[%clk 0:01:56]} Qe8 {[%clk 0:01:27]} 24. Rxc8
{[%clk 0:01:43]} Rxc8 {[%clk 0:01:28]} 25. Rc1 {[%clk 0:01:45]} Rxc1+
{[%clk 0:01:06]} 26. Qxc1 {[%clk 0:01:46]} Bb5 {[%clk 0:01:08]} 27. Bxb5
{[%clk 0:01:47]} Qxb5 {[%clk 0:01:09]} 28. Qc7 {[%clk 0:01:48]} Qd7
{[%clk 0:01:10]} 29. Qc4 {[%clk 0:01:37]} b5 {[%clk 0:00:27]} 30. Qc2
{[%clk 0:01:38]} Ne8 {[%clk 0:00:26]} 31. Nd2 {[%clk 0:01:36]} Nc7
{[%clk 0:00:24]} 32. Nb3 {[%clk 0:01:33]} Na6 {[%clk 0:00:26]} 33. Bd2
{[%clk 0:01:34]} h5 {[%clk 0:00:23]} 34. Na5 {[%clk 0:01:32]} Bh6
{[%clk 0:00:23]} 35. Bxh6 {[%clk 0:01:32]} Kxh6 {[%clk 0:00:24]} 36. Nc6
{[%clk 0:01:25]} Kg7 {[%clk 0:00:16]} 37. Ne2 {[%clk 0:01:25]} Qb7
{[%clk 0:00:16]} 38. Nc1 {[%clk 0:01:18]} Nb6 {[%clk 0:00:14]} 39. Nb3
{[%clk 0:01:09]} Nc4 {[%clk 0:00:14]} 40. Nd2 {[%clk 0:00:58]} Nxd2
{[%clk 0:00:12]} 41. Qxd2 {[%clk 0:00:59]} Nc7 {[%clk 0:00:10]} 42. f4
{[%clk 0:00:48]} Qb6+ {[%clk 0:00:09]} 43. Kh2 {[%clk 0:00:50]} exf4
{[%clk 0:00:08]} 44. Qxf4 {[%clk 0:00:50]} Ne8 {[%clk 0:00:10]} 45. e5
{[%clk 0:00:43]} Qc7 {[%clk 0:00:06]} 46. e6 {[%clk 0:00:31]} fxe6
{[%clk 0:00:07]} 47. Nd4 {[%clk 0:00:32]} Qe7 {[%clk 0:00:06]} 48. Nxe6+
{[%clk 0:00:11]} Kg8 {[%clk 0:00:07]} 49. Qf1 {[%clk 0:00:07]} Ng7
{[%clk 0:00:04]} 50. Nxg7 Qe5+ 51. Kh1 {[%clk 0:00:04]} Kxg7 {[%clk 0:00:06]} 52.
Qxb5 {[%clk 0:00:05]} Qe1+ {[%clk 0:00:07]} 53. Kh2 {[%clk 0:00:06]} Qe5+
{[%clk 0:00:08]} 54. Kg1 {[%clk 0:00:07]} Qe1+ {[%clk 0:00:10]} 55. Kh2
{[%clk 0:00:06]} Qe5+ {[%clk 0:00:11]} 56. Kg1 {[%clk 0:00:05]} Qe1+
{[%clk 0:00:12]} 57. Kh2 {[%clk 0:00:04]} Kh6 {[%clk 0:00:13]} 58. Qc4
{[%clk 0:00:04]} Qe5+ {[%clk 0:00:14]} 59. Kg1 Qe1+ 60. Kh2 {[%clk 0:00:05]} Qe5+
{[%clk 0:00:17]} 61. Kg1 {[%clk 0:00:06]} Qe1+ {[%clk 0:00:19]} 62. Qf1
{[%clk 0:00:05]} Qxb4 {[%clk 0:00:19]} 63. Qf8+ {[%clk 0:00:06]} Kg5
{[%clk 0:00:20]} 64. Qe7+ {[%clk 0:00:06]} Kh6 {[%clk 0:00:20]} 65. Qf8+
{[%clk 0:00:06]} Kg5 {[%clk 0:00:22]} 66. Qe7+ {[%clk 0:00:06]} Kf5
{[%clk 0:00:22]} 67. Qe6+ {[%clk 0:00:07]} Kf4 {[%clk 0:00:20]} 68. Qf6+
{[%clk 0:00:06]} Ke3 {[%clk 0:00:14]} 69. Qxg6 {[%clk 0:00:06]} h4
{[%clk 0:00:09]} 70. Qg5+ {[%clk 0:00:06]} Kd3 {[%clk 0:00:09]} 71. Qf5+
{[%clk 0:00:06]} Kc3 {[%clk 0:00:09]} 72. Qf3+ {[%clk 0:00:06]} Kd2
{[%clk 0:00:05]} 73. Qf2+ {[%clk 0:00:07]} Kd3 {[%clk 0:00:06]} 74. g3
{[%clk 0:00:07]} hxg3 {[%clk 0:00:03]} 75. Qxg3+ {[%clk 0:00:08]} Ke2
{[%clk 0:00:05]} 76. Qg4+ {[%clk 0:00:08]} 1-0

[Event "Blitz 2018"]
[Site "Saint-Petersburg"]
[Date "2018.12.30"]
[Round "19"]
[Board "29"]
[White "Zhigalko Sergei (BLR)"]
[Black "Popov Ivan (RUS)"]
[Result "1-0"]
[LiveChessVersion "1.4.8"]
[BlackElo "2560"]
[WhiteElo "2693"]

1. e4 {[%clk 0:03:03]} c5 {[%clk 0:03:04]} 2. Nf3 {[%clk 0:03:04]} Nf6
{[%clk 0:03:05]} 3. e5 {[%clk 0:03:05]} Nd5 {[%clk 0:03:06]} 4. c3
{[%clk 0:03:06]} Nc6 {[%clk 0:03:00]} 5. Bc4 {[%clk 0:03:07]} Nb6
{[%clk 0:03:00]} 6. Bb3 {[%clk 0:03:08]} d5 {[%clk 0:02:47]} 7. exd6
{[%clk 0:03:08]} e6 {[%clk 0:02:45]} 8. d4 {[%clk 0:03:09]} Bxd6 {[%clk 0:02:36]}
9. O-O {[%clk 0:03:09]} O-O {[%clk 0:02:30]} 10. Re1 {[%clk 0:03:09]} cxd4
{[%clk 0:02:27]} 11. cxd4 {[%clk 0:03:10]} Nd5 {[%clk 0:02:10]} 12. Nc3
{[%clk 0:03:11]} Nce7 {[%clk 0:02:02]} 13. Bg5 {[%clk 0:02:54]} Nxc3
{[%clk 0:01:56]} 14. bxc3 {[%clk 0:02:55]} Qc7 {[%clk 0:01:57]} 15. Qd3
{[%clk 0:02:41]} Ng6 {[%clk 0:01:40]} 16. h4 {[%clk 0:02:27]} Re8
{[%clk 0:01:31]} 17. h5 {[%clk 0:01:39]} Nf4 {[%clk 0:01:31]} 18. Bxf4
{[%clk 0:01:40]} Bxf4 {[%clk 0:01:32]} 19. d5 {[%clk 0:01:41]} Rd8
{[%clk 0:01:09]} 20. Qe4 {[%clk 0:01:38]} e5 {[%clk 0:00:52]} 21. g3
{[%clk 0:01:21]} Bh6 {[%clk 0:00:52]} 22. Nxe5 {[%clk 0:01:21]} Qd6
{[%clk 0:00:39]} 23. Nc4 {[%clk 0:01:03]} Qf8 {[%clk 0:00:38]} 24. Rad1
{[%clk 0:00:57]} Bd7 {[%clk 0:00:37]} 25. d6 {[%clk 0:00:58]} Be6
{[%clk 0:00:34]} 26. Qxb7 {[%clk 0:00:58]} Rab8 {[%clk 0:00:19]} 27. Qxa7
{[%clk 0:00:56]} Rb5 {[%clk 0:00:18]} 28. Ne5 {[%clk 0:00:52]} Bxb3
{[%clk 0:00:14]} 29. axb3 {[%clk 0:00:53]} Ra8 {[%clk 0:00:11]} 30. Qc7
{[%clk 0:00:42]} Bg5 {[%clk 0:00:08]} 31. Nc6 {[%clk 0:00:38]} Bd8
{[%clk 0:00:04]} 32. Nxd8 {[%clk 0:00:36]} Rxd8 {[%clk 0:00:05]} 33. d7
{[%clk 0:00:31]} Rbb8 {[%clk 0:00:06]} 34. c4 {[%clk 0:00:29]} g6
{[%clk 0:00:07]} 35. c5 {[%clk 0:00:29]} gxh5 {[%clk 0:00:06]} 36. c6
{[%clk 0:00:30]} h4 {[%clk 0:00:07]} 37. Qf4 {[%clk 0:00:29]} 1-0

[Event "Blitz 2018"]
[Site "Saint-Petersburg"]
[Date "2018.12.30"]
[Round "19"]
[Board "30"]
[White "Vallejo Pons Francisco (ESP)"]
[Black "Al-Sayed Mohammed (QAT)"]
[Result "1-0"]
[LiveChessVersion "1.4.8"]
[BlackElo "2547"]
[WhiteElo "2673"]

1. d4 {[%clk 0:03:03]} d5 {[%clk 0:03:03]} 2. c4 {[%clk 0:03:04]} c6
{[%clk 0:03:04]} 3. Nf3 {[%clk 0:03:04]} Nf6 {[%clk 0:03:05]} 4. Nbd2
{[%clk 0:03:05]} Bf5 {[%clk 0:03:04]} 5. Nh4 {[%clk 0:03:05]} Bd7
{[%clk 0:03:01]} 6. e3 {[%clk 0:03:02]} g6 {[%clk 0:02:52]} 7. b3
{[%clk 0:02:52]} Bg7 {[%clk 0:02:52]} 8. Bb2 {[%clk 0:02:53]} O-O
{[%clk 0:02:52]} 9. Be2 {[%clk 0:02:52]} Ne4 {[%clk 0:02:50]} 10. Nhf3
{[%clk 0:02:36]} Nxd2 {[%clk 0:02:41]} 11. Nxd2 {[%clk 0:02:21]} Bf5
{[%clk 0:02:42]} 12. Rc1 {[%clk 0:01:59]} Nd7 {[%clk 0:02:37]} 13. g4
{[%clk 0:01:38]} Be6 {[%clk 0:02:36]} 14. c5 {[%clk 0:01:38]} b6 {[%clk 0:02:13]}
15. b4 {[%clk 0:01:30]} bxc5 {[%clk 0:02:07]} 16. bxc5 {[%clk 0:01:29]} f5
{[%clk 0:01:55]} 17. f4 {[%clk 0:01:23]} fxg4 {[%clk 0:01:49]} 18. Bxg4
{[%clk 0:01:24]} Bf5 {[%clk 0:01:49]} 19. Bxf5 {[%clk 0:01:16]} Rxf5
{[%clk 0:01:50]} 20. Nf3 {[%clk 0:01:14]} Qa5+ {[%clk 0:01:41]} 21. Bc3
{[%clk 0:01:00]} Qxa2 {[%clk 0:01:40]} 22. Qc2 {[%clk 0:00:48]} Qc4
{[%clk 0:01:34]} 23. Bd2 {[%clk 0:00:44]} Qa6 {[%clk 0:01:25]} 24. Rb1
{[%clk 0:00:44]} Nf6 {[%clk 0:01:18]} 25. Qb3 {[%clk 0:00:42]} Rf8
{[%clk 0:00:47]} 26. Qb7 {[%clk 0:00:35]} Qa4 {[%clk 0:00:48]} 27. Qb3
{[%clk 0:00:35]} Qa6 28. Qb7 Qd3 {[%clk 0:00:46]} 29. Qb3 {[%clk 0:00:36]} Qe4
{[%clk 0:00:44]} 30. O-O {[%clk 0:00:35]} Rh5 {[%clk 0:00:38]} 31. Ra1
{[%clk 0:00:32]} Rh3 {[%clk 0:00:20]} 32. Ng5 {[%clk 0:00:30]} Qf5
{[%clk 0:00:19]} 33. Nxh3 {[%clk 0:00:25]} Qg4+ {[%clk 0:00:20]} 34. Kh1
{[%clk 0:00:21]} Qxh3 {[%clk 0:00:21]} 35. Qd1 {[%clk 0:00:17]} Ne4
{[%clk 0:00:19]} 36. Rf3 {[%clk 0:00:16]} Qg4 {[%clk 0:00:16]} 37. Be1
{[%clk 0:00:16]} e5 {[%clk 0:00:08]} 38. dxe5 {[%clk 0:00:14]} Bxe5
{[%clk 0:00:09]} 39. Rf1 {[%clk 0:00:13]} Qf5 {[%clk 0:00:04]} 40. Ra2
{[%clk 0:00:11]} Bc3 {[%clk 0:00:04]} 41. Rg2 {[%clk 0:00:09]} Bxe1
{[%clk 0:00:04]} 42. Qxe1 {[%clk 0:00:10]} Nxc5 {[%clk 0:00:05]} 43. Qc3
{[%clk 0:00:11]} Ne4 {[%clk 0:00:03]} 44. Qxc6 Rf7 45. Rd1 {[%clk 0:00:09]} Nf6
{[%clk 0:00:05]} 46. Qc5 {[%clk 0:00:09]} Qe4 {[%clk 0:00:06]} 47. Qd4
{[%clk 0:00:10]} Qf3 {[%clk 0:00:07]} 48. Rc1 {[%clk 0:00:10]} Kg7
{[%clk 0:00:07]} 49. Kg1 {[%clk 0:00:10]} a5 {[%clk 0:00:09]} 50. f5
{[%clk 0:00:10]} Rb7 {[%clk 0:00:08]} 51. fxg6 {[%clk 0:00:08]} hxg6
{[%clk 0:00:09]} 52. Rf1 {[%clk 0:00:09]} Qxf1+ {[%clk 0:00:04]} 53. Kxf1
{[%clk 0:00:10]} Rb1+ {[%clk 0:00:06]} 54. Ke2 1-0

[Event "Blitz 2018"]
[Site "Saint-Petersburg"]
[Date "2018.12.30"]
[Round "19"]
[Board "31"]
[White "Smirin Ilia (ISR)"]
[Black "Van Foreest Jorden (NED)"]
[Result "0-1"]
[LiveChessVersion "1.4.8"]
[BlackElo "2657"]
[WhiteElo "2582"]

1. e4 {[%clk 0:03:03]} c5 {[%clk 0:03:03]} 2. Nf3 {[%clk 0:03:04]} d6
{[%clk 0:03:04]} 3. d4 {[%clk 0:03:05]} cxd4 {[%clk 0:03:05]} 4. Nxd4
{[%clk 0:03:05]} Nf6 {[%clk 0:03:06]} 5. Nc3 {[%clk 0:03:06]} a6 {[%clk 0:03:07]}
6. f4 {[%clk 0:03:07]} e5 {[%clk 0:03:04]} 7. Nf3 {[%clk 0:03:08]} Nbd7
{[%clk 0:02:58]} 8. a4 {[%clk 0:03:08]} Be7 {[%clk 0:02:52]} 9. Bc4
{[%clk 0:03:08]} O-O {[%clk 0:02:51]} 10. O-O {[%clk 0:03:05]} b6
{[%clk 0:02:47]} 11. Bb3 {[%clk 0:02:46]} Bb7 {[%clk 0:02:40]} 12. fxe5
{[%clk 0:02:41]} Nxe5 {[%clk 0:02:18]} 13. Qe2 {[%clk 0:02:33]} Qc7
{[%clk 0:02:16]} 14. Kh1 {[%clk 0:02:26]} Rfe8 {[%clk 0:02:02]} 15. Nd4
{[%clk 0:02:25]} Bf8 {[%clk 0:02:02]} 16. Rxf6 {[%clk 0:02:20]} gxf6
{[%clk 0:02:03]} 17. Nf5 {[%clk 0:02:08]} Rac8 {[%clk 0:01:35]} 18. Be3
{[%clk 0:02:02]} Ng6 {[%clk 0:01:28]} 19. Bd4 {[%clk 0:01:52]} d5
{[%clk 0:01:27]} 20. Bxd5 {[%clk 0:01:42]} Rcd8 {[%clk 0:00:52]} 21. Bxb7
{[%clk 0:01:29]} Qxb7 {[%clk 0:00:53]} 22. Rf1 {[%clk 0:01:27]} Re6
{[%clk 0:00:50]} 23. h4 {[%clk 0:01:24]} Kh8 {[%clk 0:00:36]} 24. Qg4
{[%clk 0:01:05]} Ne5 {[%clk 0:00:31]} 25. Qg3 {[%clk 0:01:01]} Nc6
{[%clk 0:00:18]} 26. Be3 {[%clk 0:00:55]} Ne7 {[%clk 0:00:19]} 27. Qg4
{[%clk 0:00:33]} Nxf5 {[%clk 0:00:20]} 28. Rxf5 {[%clk 0:00:34]} Bd6
{[%clk 0:00:17]} 29. Rh5 {[%clk 0:00:32]} Rg8 {[%clk 0:00:17]} 30. Qf5
{[%clk 0:00:32]} Rg6 {[%clk 0:00:18]} 31. Nd5 {[%clk 0:00:28]} Re5
{[%clk 0:00:17]} 32. Qf3 {[%clk 0:00:27]} Rxh5 {[%clk 0:00:18]} 33. Qxh5
{[%clk 0:00:28]} Be5 {[%clk 0:00:19]} 34. c3 {[%clk 0:00:27]} b5 {[%clk 0:00:20]}
35. a5 {[%clk 0:00:22]} Qd7 {[%clk 0:00:20]} 36. Qf3 {[%clk 0:00:22]} Qg4
{[%clk 0:00:20]} 37. Bf2 {[%clk 0:00:14]} Qxf3 {[%clk 0:00:17]} 38. gxf3
{[%clk 0:00:15]} f5 {[%clk 0:00:19]} 39. Ne7 {[%clk 0:00:13]} Rd6
{[%clk 0:00:16]} 40. Nxf5 {[%clk 0:00:13]} Rd2 {[%clk 0:00:16]} 41. Bc5
{[%clk 0:00:09]} Rxb2 {[%clk 0:00:16]} 42. Bb4 {[%clk 0:00:09]} Rb3
{[%clk 0:00:15]} 43. Kg2 {[%clk 0:00:05]} Bxc3 {[%clk 0:00:16]} 44. Be7
{[%clk 0:00:06]} b4 {[%clk 0:00:17]} 45. Nd6 {[%clk 0:00:06]} Kg8
{[%clk 0:00:15]} 46. f4 {[%clk 0:00:06]} Rb1 {[%clk 0:00:16]} 47. e5
{[%clk 0:00:07]} b3 {[%clk 0:00:17]} 0-1

[Event "Blitz 2018"]
[Site "Saint-Petersburg"]
[Date "2018.12.30"]
[Round "19"]
[Board "32"]
[White "Yudin Sergei (RUS)"]
[Black "Oparin Grigoriy (RUS)"]
[Result "0-1"]
[LiveChessVersion "1.4.8"]
[BlackElo "2641"]
[WhiteElo "2533"]

1. e4 {[%clk 0:03:02]} e5 {[%clk 0:03:03]} 2. Nf3 {[%clk 0:03:03]} Nc6
{[%clk 0:03:04]} 3. Bc4 {[%clk 0:03:03]} Nf6 {[%clk 0:03:05]} 4. d3
{[%clk 0:03:04]} Bc5 {[%clk 0:03:05]} 5. O-O {[%clk 0:03:03]} O-O
{[%clk 0:03:05]} 6. h3 {[%clk 0:03:04]} d6 {[%clk 0:03:01]} 7. c3
{[%clk 0:03:04]} a6 {[%clk 0:03:01]} 8. Bb3 {[%clk 0:03:05]} Ba7 {[%clk 0:03:01]}
9. Nbd2 {[%clk 0:03:04]} Ne7 {[%clk 0:03:00]} 10. Re1 {[%clk 0:03:04]} Ng6
{[%clk 0:03:00]} 11. Nf1 {[%clk 0:03:04]} h6 {[%clk 0:02:59]} 12. Ng3
{[%clk 0:03:02]} Re8 {[%clk 0:02:59]} 13. d4 {[%clk 0:03:02]} Bd7
{[%clk 0:02:59]} 14. Be3 {[%clk 0:02:58]} exd4 {[%clk 0:02:17]} 15. Bxd4
{[%clk 0:02:43]} Ne5 {[%clk 0:01:51]} 16. Bxa7 {[%clk 0:02:40]} Rxa7
{[%clk 0:01:52]} 17. Nd4 {[%clk 0:02:38]} Ra8 {[%clk 0:01:39]} 18. f4
{[%clk 0:02:34]} Nc6 {[%clk 0:01:37]} 19. Qf3 {[%clk 0:02:29]} Qe7
{[%clk 0:01:19]} 20. Rad1 {[%clk 0:02:19]} Rad8 {[%clk 0:01:19]} 21. Kh1
{[%clk 0:02:15]} g6 {[%clk 0:01:10]} 22. e5 {[%clk 0:01:25]} dxe5
{[%clk 0:01:03]} 23. fxe5 {[%clk 0:01:25]} Nxe5 {[%clk 0:01:03]} 24. Qxb7
{[%clk 0:01:26]} Bc8 {[%clk 0:00:55]} 25. Qa7 {[%clk 0:01:17]} Nfg4
{[%clk 0:00:46]} 26. Ne4 {[%clk 0:01:14]} Qh4 {[%clk 0:00:17]} 27. Qxc7
{[%clk 0:01:11]} Rd7 {[%clk 0:00:18]} 28. Qb6 {[%clk 0:00:47]} Bb7
{[%clk 0:00:18]} 29. Bc2 {[%clk 0:00:41]} Bxe4 {[%clk 0:00:16]} 30. Rxe4
{[%clk 0:00:23]} Nf2+ {[%clk 0:00:17]} 31. Kg1 {[%clk 0:00:24]} Nxe4
{[%clk 0:00:18]} 32. Rf1 {[%clk 0:00:22]} Rde7 {[%clk 0:00:13]} 33. Qxa6
{[%clk 0:00:15]} Ng3 {[%clk 0:00:14]} 34. Rd1 {[%clk 0:00:07]} Qf4
{[%clk 0:00:11]} 35. Bb3 {[%clk 0:00:05]} Kg7 {[%clk 0:00:11]} 36. Qb6
{[%clk 0:00:04]} Nd7 {[%clk 0:00:11]} 0-1

[Event "Blitz 2018"]
[Site "Saint-Petersburg"]
[Date "2018.12.30"]
[Round "19"]
[Board "33"]
[White "Sarana Alexey (RUS)"]
[Black "Mikhalevski Victor (ISR)"]
[Result "0-1"]
[LiveChessVersion "1.4.8"]
[BlackElo "2521"]
[WhiteElo "2616"]

1. d4 {[%clk 0:03:03]} Nf6 {[%clk 0:03:03]} 2. c4 {[%clk 0:03:04]} g6
{[%clk 0:03:04]} 3. Nc3 {[%clk 0:03:05]} d5 {[%clk 0:03:06]} 4. Bg5
{[%clk 0:03:03]} Bg7 {[%clk 0:03:05]} 5. Nf3 {[%clk 0:03:02]} Ne4
{[%clk 0:03:05]} 6. Bh4 {[%clk 0:03:02]} Nxc3 {[%clk 0:02:59]} 7. bxc3
{[%clk 0:03:03]} c5 {[%clk 0:02:58]} 8. cxd5 {[%clk 0:03:00]} cxd4
{[%clk 0:02:57]} 9. cxd4 {[%clk 0:03:00]} Qxd5 {[%clk 0:02:57]} 10. e3
{[%clk 0:03:01]} Nc6 {[%clk 0:02:54]} 11. Be2 {[%clk 0:03:01]} Qa5+
{[%clk 0:02:52]} 12. Nd2 {[%clk 0:02:53]} e5 {[%clk 0:02:28]} 13. O-O
{[%clk 0:02:53]} exd4 {[%clk 0:02:29]} 14. exd4 {[%clk 0:02:20]} O-O
{[%clk 0:02:12]} 15. Nb3 {[%clk 0:02:20]} Qa3 {[%clk 0:02:09]} 16. Bf3
{[%clk 0:02:04]} Bf5 {[%clk 0:02:02]} 17. Qd2 {[%clk 0:01:52]} Rac8
{[%clk 0:01:57]} 18. Rad1 {[%clk 0:01:39]} Rfe8 {[%clk 0:01:39]} 19. d5
{[%clk 0:01:24]} Ne5 {[%clk 0:01:37]} 20. d6 {[%clk 0:01:25]} Nxf3+
{[%clk 0:01:35]} 21. gxf3 {[%clk 0:01:26]} Bd7 {[%clk 0:01:20]} 22. Be7
{[%clk 0:01:23]} Bf8 {[%clk 0:01:14]} 23. Rfe1 {[%clk 0:01:21]} Qa4
{[%clk 0:00:53]} 24. Re4 {[%clk 0:01:16]} Qb5 {[%clk 0:00:52]} 25. Rde1
{[%clk 0:01:03]} Qh5 {[%clk 0:00:48]} 26. Qf4 {[%clk 0:00:58]} Bg7
{[%clk 0:00:41]} 27. Nd4 {[%clk 0:00:55]} h6 {[%clk 0:00:37]} 28. Bf6
{[%clk 0:00:41]} Bxf6 {[%clk 0:00:31]} 29. Rxe8+ {[%clk 0:00:42]} Rxe8
{[%clk 0:00:30]} 30. Rxe8+ {[%clk 0:00:42]} Bxe8 {[%clk 0:00:31]} 31. Qxf6
{[%clk 0:00:42]} Qg5+ {[%clk 0:00:29]} 32. Qxg5 {[%clk 0:00:42]} hxg5
{[%clk 0:00:30]} 33. Kg2 {[%clk 0:00:22]} f6 {[%clk 0:00:27]} 34. Kg3
{[%clk 0:00:21]} Kf7 {[%clk 0:00:28]} 35. f4 {[%clk 0:00:22]} gxf4+
{[%clk 0:00:28]} 36. Kxf4 {[%clk 0:00:23]} Ba4 {[%clk 0:00:22]} 37. h4
{[%clk 0:00:23]} Ke8 {[%clk 0:00:21]} 38. Ke4 {[%clk 0:00:24]} Kd7
{[%clk 0:00:20]} 39. Kd5 Bd1 40. f4 {[%clk 0:00:24]} Bg4 {[%clk 0:00:19]} 41. a3
{[%clk 0:00:16]} Bh3 {[%clk 0:00:15]} 42. Nb5 {[%clk 0:00:14]} Bg2+
{[%clk 0:00:15]} 43. Kc5 {[%clk 0:00:12]} b6+ {[%clk 0:00:16]} 44. Kd4
{[%clk 0:00:13]} a6 {[%clk 0:00:16]} 45. Nc7 {[%clk 0:00:14]} Kxd6
{[%clk 0:00:15]} 46. Nxa6 Ke6 {[%clk 0:00:17]} 47. Ke3 {[%clk 0:00:12]} Bb7
{[%clk 0:00:17]} 48. Nc7+ {[%clk 0:00:12]} Kf5 {[%clk 0:00:18]} 49. Ne8
{[%clk 0:00:13]} Bc6 {[%clk 0:00:19]} 50. Nd6+ {[%clk 0:00:12]} Kg4
{[%clk 0:00:19]} 51. Nc4 {[%clk 0:00:09]} b5 {[%clk 0:00:21]} 52. Nd6
{[%clk 0:00:06]} Kxh4 {[%clk 0:00:21]} 53. Nf7 {[%clk 0:00:06]} Kg4
{[%clk 0:00:21]} 54. Nh8 {[%clk 0:00:06]} Kf5 {[%clk 0:00:22]} 55. Nf7
{[%clk 0:00:07]} Ke6 {[%clk 0:00:22]} 56. Nd8+ {[%clk 0:00:07]} Kd5
{[%clk 0:00:23]} 57. Kd3 {[%clk 0:00:06]} Bd7 {[%clk 0:00:25]} 58. Nf7
{[%clk 0:00:07]} Bf5+ {[%clk 0:00:26]} 59. Ke3 {[%clk 0:00:08]} Kc5
{[%clk 0:00:26]} 60. Nh6 {[%clk 0:00:08]} Kc4 {[%clk 0:00:27]} 61. Ng8
{[%clk 0:00:10]} Kb3 {[%clk 0:00:28]} 62. Nxf6 {[%clk 0:00:11]} Kxa3
{[%clk 0:00:29]} 63. Kd2 {[%clk 0:00:05]} b4 {[%clk 0:00:30]} 64. Nd5
{[%clk 0:00:06]} b3 {[%clk 0:00:32]} 65. Ne3 {[%clk 0:00:07]} b2 {[%clk 0:00:32]}
66. Nc4+ {[%clk 0:00:09]} Ka2 {[%clk 0:00:32]} 0-1

[Event "Blitz 2018"]
[Site "Saint-Petersburg"]
[Date "2018.12.30"]
[Round "19"]
[Board "34"]
[White "Motylev Alexander (RUS)"]
[Black "Tang Andrew (USA)"]
[Result "1-0"]
[LiveChessVersion "1.4.8"]
[BlackElo "2501"]
[WhiteElo "2609"]

1. e4 {[%clk 0:03:03]} e5 {[%clk 0:03:03]} 2. Nf3 {[%clk 0:03:03]} Nc6
{[%clk 0:03:04]} 3. Nc3 {[%clk 0:03:05]} Nf6 {[%clk 0:03:05]} 4. d4
{[%clk 0:03:06]} exd4 {[%clk 0:03:06]} 5. Nxd4 {[%clk 0:03:07]} Bb4
{[%clk 0:03:06]} 6. Nxc6 {[%clk 0:03:08]} bxc6 {[%clk 0:03:07]} 7. Bd3
{[%clk 0:03:09]} d5 {[%clk 0:03:08]} 8. Bd2 {[%clk 0:03:10]} O-O {[%clk 0:02:59]}
9. O-O {[%clk 0:03:11]} Re8 {[%clk 0:02:34]} 10. Nxd5 {[%clk 0:03:11]} Bxd2
{[%clk 0:02:02]} 11. Nxf6+ {[%clk 0:03:11]} Qxf6 {[%clk 0:02:02]} 12. Qxd2
{[%clk 0:03:09]} Qxb2 {[%clk 0:02:03]} 13. Qf4 {[%clk 0:02:31]} Qb6
{[%clk 0:01:29]} 14. a4 {[%clk 0:02:21]} Qa5 {[%clk 0:01:29]} 15. Rfb1
{[%clk 0:01:58]} h6 {[%clk 0:01:30]} 16. h3 {[%clk 0:01:58]} Be6 {[%clk 0:01:31]}
17. Rb7 {[%clk 0:01:57]} Rec8 {[%clk 0:01:32]} 18. e5 {[%clk 0:01:53]} Rab8
{[%clk 0:01:29]} 19. Qe4 {[%clk 0:01:24]} Rxb7 {[%clk 0:01:29]} 20. Qh7+
{[%clk 0:01:25]} Kf8 {[%clk 0:01:30]} 21. Qh8+ {[%clk 0:01:26]} Ke7
{[%clk 0:01:31]} 22. Qxg7 {[%clk 0:01:27]} Rd8 {[%clk 0:01:00]} 23. Rd1
{[%clk 0:01:20]} Rd5 {[%clk 0:00:55]} 24. f4 {[%clk 0:01:14]} Qxa4
{[%clk 0:00:36]} 25. Qf6+ {[%clk 0:01:11]} Ke8 {[%clk 0:00:37]} 26. Qh8+
{[%clk 0:01:07]} Kd7 {[%clk 0:00:24]} 27. f5 {[%clk 0:01:08]} Qd4+
{[%clk 0:00:25]} 28. Kh1 {[%clk 0:01:09]} Qxe5 {[%clk 0:00:26]} 29. fxe6+
{[%clk 0:01:10]} Qxe6 {[%clk 0:00:26]} 30. Rf1 {[%clk 0:01:05]} Rg5
{[%clk 0:00:14]} 31. Qf8 {[%clk 0:00:54]} f5 {[%clk 0:00:10]} 32. Rd1
{[%clk 0:00:40]} Qd5 {[%clk 0:00:05]} 33. Bxf5+ {[%clk 0:00:40]} Rxf5
{[%clk 0:00:06]} 34. Qxf5+ {[%clk 0:00:40]} Kd6 {[%clk 0:00:07]} 35. Rxd5+
{[%clk 0:00:39]} cxd5 {[%clk 0:00:09]} 36. Qf6+ {[%clk 0:00:40]} Kc5
{[%clk 0:00:10]} 37. Qxh6 {[%clk 0:00:39]} a5 {[%clk 0:00:10]} 38. Qe3+
{[%clk 0:00:39]} Kc6 {[%clk 0:00:09]} 39. Qc3+ {[%clk 0:00:40]} Kb6
{[%clk 0:00:10]} 40. Qb3+ {[%clk 0:00:41]} Ka6 {[%clk 0:00:12]} 41. Qxd5
{[%clk 0:00:42]} Rb6 {[%clk 0:00:09]} 42. c4 {[%clk 0:00:41]} c6 {[%clk 0:00:09]}
43. Qd8 {[%clk 0:00:41]} Kb7 {[%clk 0:00:09]} 44. Qd7+ {[%clk 0:00:42]} Ka6
{[%clk 0:00:11]} 45. Qc8+ {[%clk 0:00:42]} Ka7 {[%clk 0:00:12]} 46. Qc7+
{[%clk 0:00:43]} Ka6 {[%clk 0:00:13]} 47. c5 {[%clk 0:00:44]} Rb1+
{[%clk 0:00:13]} 48. Kh2 {[%clk 0:00:45]} a4 {[%clk 0:00:14]} 49. Qxc6+
{[%clk 0:00:45]} Ka5 {[%clk 0:00:16]} 50. Qa8+ {[%clk 0:00:45]} 1-0